Представление документа в формате MARC21

Поле Инд. ПП Название Значение
Тип записи a
Библиографический уровень b
001 Контрольный номер RU/IS/BASE/264553407
005 Дата корректировки 20200522190620.3
008 Кодируемые данные 19960618
084 a Индекс другой классификации/Индекс ББК 65.262(2Рос)-18; 65.262.6(2Рос)
097 00 a 750
100 10 a Автор Петраков Н.
100 1_ a Автор Перламутров В.
100 1_ a Автор Маневич В.
245 00 a Заглавие Как придать денежной политике инвестиционную напрaвленность
650 a Основная рубрика денежное обращение
a Основная рубрика кредитно-денежная система
a Основная рубрика финансы
a Основная рубрика экономика
653 00 a Ключевые слова банки
a Ключевые слова валюта
a Ключевые слова валютные резервы
a Ключевые слова валютный курс
a Ключевые слова вексельное обращение
a Ключевые слова денежная политика
a Ключевые слова дефляция
a Ключевые слова долгосрочные инвестиции
a Ключевые слова инвестиции
a Ключевые слова инфляция
a Ключевые слова коммерческие банки
a Ключевые слова конвертируемая валюта
a Ключевые слова конкуренция
a Ключевые слова курс доллара
a Ключевые слова курс рубля
a Ключевые слова национальная валюта
a Ключевые слова Россия
a Ключевые слова финансовая политика
a Ключевые слова ценные бумаги
a Ключевые слова Центральный банк РФ (Банк России)
773 00 t Заглавие источника Российский экономический журнал
d Дата издания источника 1996
g Прочая информация № 2. - С. 40 - 52
w Контрольный № источника RU/IS/BASE/140876905
901 t Тип документа b